000 00600nam a22002057a 4500
999 _c73869
_d73868
003 URS
005 20240416180536.0
008 230911s2007 a|||| |||| 00| 0 eng d
020 _a9780321443250
040 _beng
_cURS
_erda
050 1 4 _aQA 76.76
_b.T427 2007
100 _9753
_aTeague, Jason C.
245 1 0 _aCSS, DHTML & Ajax
_cJason C. Teague
250 _aFourth Edition
260 _aBerkeley CS:
_bPeachpit Press;
_c[2007]
300 _a562 pages
_bincludes color illustrations
_c23 cm
504 _aIncludes index
650 0 _9755
_aAjax (website development technology)
942 _2lcc
_cR